Riconosci la Squadra di calcio - Quiz n°68 - Statistics

Statistiche generali
  • Questo quiz è stato fatto 5 volte
  • Il punteggio medio è 4 su 10
Statistiche sulle risposte
Indizio Risposta % Corretto
Colori sociali Blu, bianco, rosso
100%
Simboli Capra
100%
Titoli nazionali 12 Campionati messicani
60%
Confederazione CONCACAF
60%
Capienza Stadio 49 850 posti
20%
Trofei nazionali 4 Coppe del Messico
7 Supercoppe del Messico
1 Supercopa MX
1 InterLiga
20%
Divisione nazionale 2023-2024 Prima
20%
Fondazione 1906
0%
Trofei internazionali 2 CONCACAF Champions' Cup/Champions League
0%
Squadra Chivas de Guadalajara
0%
Nessun quiz corrispondente trovato
Distribuzione punteggi
Percentuale di utenti per punteggio
Percentile per numero di risposta
I tuoi punteggi nel tempo
Non hai fatto questo quiz